| Tag |
First Indicator |
Second Indicator |
Subfields |
| LEADER |
00000cam a22000004a 4500 |
| 001 |
in00001832413 |
| 005 |
20160108080131.0 |
| 008 |
030725s2004 maua b 001 0 eng |
| 010 |
|
|
|a 2003016913
|
| 020 |
|
|
|a 140511181X (paperback : alk. paper)
|
| 035 |
|
|
|a (OCoLC)ocm52750252
|
| 040 |
|
|
|a DLC
|c DLC
|d OCLCQ
|d C#P
|d TXA
|d UtOrBLW
|
| 042 |
|
|
|a pcc
|
| 049 |
|
|
|a TXAM
|
| 050 |
0 |
0 |
|a HD30.28
|b .D62 2004
|
| 082 |
0 |
0 |
|a 658.4/012
|2 22
|
| 100 |
1 |
|
|a Dobson, Paul,
|d 1962-
|
| 240 |
1 |
0 |
|a Strategic management blueprint
|
| 245 |
1 |
0 |
|a Strategic management :
|b issues and cases /
|c Paul Dobson, Kenneth Starkey and John Richards.
|
| 250 |
|
|
|a 2nd ed.
|
| 264 |
|
1 |
|a Malden, MA :
|b Blackwell Pub.,
|c 2004.
|
| 300 |
|
|
|a viii, 247 pages :
|b illustrations ;
|c 25 cm.
|
| 336 |
|
|
|a text
|b txt
|2 rdacontent
|
| 337 |
|
|
|a unmediated
|b n
|2 rdamedia
|
| 338 |
|
|
|a volume
|b nc
|2 rdacarrier
|
| 500 |
|
|
|a Previously published as: The strategic management blueprint, 1993.
|
| 504 |
|
|
|a Includes bibliographical references (pages [229]-233) and index.
|
| 505 |
0 |
|
|a What is strategic management? -- Situation analysis: the firm and its environment -- Business-level strategy -- Corporate-level strategy -- Organization and strategy -- The management of strategic change -- The future of strategy: competence and responsibility -- Case studies.
|
| 650 |
|
0 |
|a Strategic planning.
|
| 650 |
|
0 |
|a Organizational change.
|
| 650 |
|
0 |
|a Management.
|
| 700 |
1 |
|
|a Starkey, Ken,
|d 1948-
|
| 700 |
1 |
|
|a Richards, John,
|d 1944 August 19-
|
| 948 |
|
|
|a cataloged
|b h
|c 2004/6/10
|d c
|e ceaton
|f 7:22:26 am
|
| 994 |
|
|
|a E0
|b TXA
|
| 999 |
|
|
|a MARS
|
| 999 |
f |
f |
|s c868cc61-87d2-3e28-9fc7-3d767368e23b
|i 876f50f8-e43f-3977-a6ab-c3ff0a0d14dd
|t 0
|
| 952 |
f |
f |
|p ric
|a Texas A&M University
|b Rellis Campus
|c Joint Library Facility
|d Remote Storage
|t 0
|e HD30.28 .D62 2004
|h Library of Congress classification
|i unmediated -- volume
|m A14831957504
|
| 998 |
f |
f |
|a HD30.28 .D62 2004
|t 0
|l Remote Storage
|